000 00444nam a2200217Ia 4500
003 IT-RoPAU
008 120407s9999 xx 000 0 und d
040 _aIT-RoPAU
040 _cIT-RoPAU
041 _aita
100 _aMichael Schmaus
245 _aEssenza del cristianesimo
250 _aRoma
260 _aEdizioni Paoline
260 _c1958
300 _c cm
490 _aCat. II
490 _v1
942 _cBK
999 _c161
_d161